Normal view MARC view
  • Panitkar, Shibi and kumar Sanjeev

Entry Personal Name

Number of records used in: 1

001 - CONTROL NUMBER

  • control field: 3451

003 - CONTROL NUMBER IDENTIFIER

  • control field: OSt

005 - DATE AND TIME OF LATEST TRANSACTION

  • control field: 20160702101902.0

008 - FIXED-LENGTH DATA ELEMENTS

  • fixed length control field: 160702|| aca||aabn | a|a d

040 ## - CATALOGING SOURCE

  • Original cataloging agency: OSt
  • Transcribing agency: OSt

100 ## - HEADING--PERSONAL NAME

  • Personal name: Panitkar, Shibi and kumar Sanjeev

670 ## - SOURCE DATA FOUND

  • Source citation: Work cat.: (OSt): Panitkar, Shibi and kumar Sanjeev, Magic of C# with Net Frame Work